Approach to archaeology /

محفوظ في:

المؤلف الرئيسي: Piggott, Stuart (مؤلف)

التنسيق: كتاب

اللغة: English

منشور في: Harmondsworth : Penguin, 1966.

سلاسل: Pelican book ; A810.

الموضوعات:

الوسوم: إضافة وسم

لا توجد وسوم, كن أول من يضع وسما على هذه التسجيلة!

رقم الطلب: CC75 .P5 1966

LEADER 00764nam a22002771 4500
001 3798
003 OSt
005 20251022132732.0
008 130303s1966 enkabf b 000 0 eng d
010 |a 68100794 
015 |a B66-16118 
029 1 |a UKM  |b b6616118 
035 |a ocm02616081 
040 |c ARCE Library 
050 4 |a CC75 .P5 1966 
100 1 |a Piggott, Stuart,  |e author  |9 37648 
245 1 0 |a Approach to archaeology /  |c Stuart Piggott. 
264 1 |a Harmondsworth :   |b Penguin,   |c 1966. 
300 |a 151 pages, 8 plates :  |b illustations, maps ;  |c 18 cm. 
490 1 |a Pelican book ;  |v A810. 
504 |a Bibliography : pages [145]-148. 
650 0 |a Archaeology. 
830 0 |a Pelican book ;  |v A810. 
901 |a reviewed 
942 |c BK  |2 lcc 
999 |c 3058  |d 3058